| 000 | 00395nam a2200157Ia 4500 | ||
|---|---|---|---|
| 008 | 230312s9999||||xx |||||||||||||| ||und|| | ||
| 020 | _a81-89411-52-7 | ||
| 082 |
_a630.16 _bBAK-C |
||
| 100 | _aBakshi,Uday | ||
| 245 | 0 | _aCircuit Analysis | |
| 260 |
_bTechnical Publications Pune _aIndia _c2006 |
||
| 300 | _a524 | ||
| 546 | _aEng. | ||
| 650 |
_aEngineering _vD.C Circuit Analysis, |
||
| 942 | _cBK | ||
| 999 |
_c1107 _d1107 |
||